| 000 | 00701nam a2200241Ia 4500 | ||
|---|---|---|---|
| 003 | GCL | ||
| 005 | 20240530102253.0 | ||
| 008 | 140319s9999 xx 000 0 ara d | ||
| 040 |
_aGCL / _cGCL |
||
| 082 | 0 | 4 |
_a370.73262 _bه ا |
| 100 | 1 | _aهدى الناشف | |
| 245 | 1 | 0 |
_aاستراتيجيات التعلم والتعليم فى الطفولة المبكرة / _cهدى الناشف |
| 260 |
_a[S.N] : _bدار الفكر العربى ، _c1993 |
||
| 300 | _a343 ص | ||
| 650 | 0 | 4 | _aالتعليم |
| 650 | 0 | 4 | _aالاطفال |
| 650 | 0 | 4 | _aنظريات |
| 650 | 0 | 4 | _aالتعلم |
| 650 | 0 | 4 | _aالتنمية |
| 650 | 0 | 4 | _aالتقويم |
| 650 | 0 | 4 | _aالنمو |
| 942 |
_2ddc _cBK |
||
| 999 |
_c31045 _d31045 |
||